| 000 | 01960cam a2200373 i 4500 | ||
|---|---|---|---|
| 001 | 17856749 | ||
| 005 | 20170105102934.0 | ||
| 008 | 130819s2013 nyu b 001 0 eng d | ||
| 010 | _a 2013948306 | ||
| 020 | _a9781610393171 (hardcover) | ||
| 020 | _a1610393171 (hardcover) | ||
| 020 | _z9781610394093 (intl. hc) | ||
| 020 | _z9781610394109 (intl. pb) | ||
| 020 | _z9781610393188 (e-book) | ||
| 035 | _a(OCoLC)ocn862069602 | ||
| 040 |
_aIHE _beng _cIHE _erda _dOCP _dTOH _dYDXCP _dJAG _dWIH _dABG _dCGP _dVP@ _dOBE _dDLC |
||
| 042 | _alccopycat | ||
| 043 |
_an-us--- _aa-pk--- |
||
| 050 | 0 | 0 |
_aE183.8.P18 _bH24 2013 |
| 082 | 0 | 0 |
_a327.7305491 _223 _bHAQ 2013 |
| 100 | 1 |
_aḤaqqānī, Ḥusain, _d1956- _eauthor. |
|
| 245 | 1 | 0 |
_aMagnificent delusions : _bPakistan, the United States, and an epic history of misunderstanding / _cHusain Haqqani. |
| 250 | _aFirst edition. | ||
| 300 |
_a415 pages ; _c25 cm |
||
| 504 | _aIncludes bibliographical references and index. | ||
| 505 | 0 | _aFalse start -- Aid, arms, and bases -- A split and a tilt -- Picking up the pieces -- A most superb and patriotic liar -- Denial and double game -- Parallel universes. | |
| 520 | _a"The relationship between America and Pakistan is based on mutual incomprehension and always has been. Pakistan--to American eyes--has gone from being a quirky irrelevance, to a stabilizing friend, to an essential military ally, to a seedbed of terror. America--to Pakistani eyes--has been a guarantee of security, a coldly distant scold, an enthusiastic military enabler, and is now a threat to national security and a source of humiliation."--Dust jacket. | ||
| 651 | 0 |
_aUnited States _xForeign relations _zPakistan. |
|
| 651 | 0 |
_aPakistan _xForeign relations _zUnited States. |
|
| 906 |
_a7 _bcbc _ccopycat _d1 _encip _f20 _gy-gencatlg |
||
| 942 |
_2ddc _cBK |
||
| 999 |
_c16153 _d16153 |
||